00472nam a2200205Ia 4500008004000000020001800040041000800058082001700066100002000083245003800103260004000141300001300181650000800194650001300202650001100215650001300226650000600239650001400245650000700259210210b2019 xxu||||| |||| 00| 0 eng d a9789389334012 aeng a954.01K SURP aSURESH RAI (Ke) aPrachina kalada bharatada itihasa aMangalurubUnited Publishersc2019 aviii,263 asem aPrachina akalada aitihasa: aI abharatada aBA